| 000 | 00538nam a22001817a 4500 | ||
|---|---|---|---|
| 003 | OSt | ||
| 005 | 20140310181808.0 | ||
| 008 | 130704t xxu||||| |||| 00| 0 eng d | ||
| 050 |
_aGR 325 _b.D376 1991 vol.1 |
||
| 082 |
_aREF 030 _bEn1 1991 |
||
| 245 |
_aEncyclopedia of Philippine folk beliefs and customs _cDemetrio, Francisco R. |
||
| 260 |
_aCagayan de Oro City _bXavier University _cc1991 |
||
| 300 |
_a2 v. , xiii, 634p ; _c26 cm. |
||
| 521 | _aBasic Ed. Students | ||
| 541 | _j1 | ||
| 562 | _e1 | ||
| 942 |
_2lcc _cBK-GR _kREF |
||
| 999 |
_c3850 _d3850 |
||